Statistics for sociologists

שמור ב:
מידע ביבליוגרפי
Main Authors: Hagood, Margaret Jarman (Author), Price, Daniel O (Author)
פורמט: ספר
שפה:אנגלית
יצא לאור: Nueva York Holt, Rinehart and Winston 1952
מהדורה:2a. ed
נושאים:
תגים: הוספת תג
אין תגיות, היה/י הראשונ/ה לתייג את הרשומה!

MARC

LEADER 00000nam a2200000 a 4500
001 UCT6890
003 CL-VaPUC
008 970113e19520000US |||||||||||||||||eng|d
082 0 4 |a 310  |b HAG  |2 21 
100 0 |a Hagood, Margaret Jarman  |e author  |9 377248 
700 0 |a Price, Daniel O  |e author  |9 377249 
245 1 0 |a Statistics for sociologists 
250 |a 2a. ed 
300 |a 575 p 
942 |c BK 
945 |d 19970113 00:00:00  |a paguirre 
260 |a Nueva York  |b Holt, Rinehart and Winston  |c 1952 
650 0 |a Sociología   |9 255410 
650 0 |a Ciencias sociales   |9 256351 
650 0 |a Análisis estadístico  |9 269506 
650 7 |a DISTRIBUCIONES ESTADISTICAS  |2 CL-VaPUC  |9 339648 
650 0 |a Varianza  |9 358282 
650 0 |a Análisis de varianza   |9 336938 
583 |a last modification  |c 19970113 00:00:00  |k Rodrigo Vera 
999 |c 255560  |d 255558 
952 |0 0  |1 0  |4 0  |6 310_000000000000000_HAG_1952  |7 0  |8 P  |9 277844  |a BIBDER  |b BIBDER  |d 2019-11-19  |i 1803778  |o 310 HAG 1952  |p 1803778  |r 2023-01-25  |w 2019-11-19  |y BK  |k DER